00760nam a2200205 450000500170000001000150001702000260003203500140005803700090007208200130008110000280009424500610012225000100018326000630019327000950025630000200035194200330037199900190040495201310042320241023115418.0 aENG-142281 c795.00a9789391659011 aEN-125813 bDBAD a370.0954 aTabassum, Rubina973202 aEducational Status of Muslims In India/bRubina Tabassum aFirst bGenusine Publications and Media Pvt. Ltd.aNew Delhic2022 aB-35 (LGF), Nizamuddin WestbNew DElhie110013k911141827475minfo@genuinepublications.com a136p.c24cm(hb) 2ddccENh370.0954mTABe2022 c206602d206602 001040708NFICaAVbAVd2024-10-23eDBADg795.00l0o370.0954 TABpEN-125813r2024-10-23 00:00:00t1v795.00w2024-10-23yEN